Grave caso de conciencia en el matrimonio (Record no. 75836)

MARC details
000 -LEADER
campo de control de longitud fija 01029nam a2200241 i 4500
001 - NÚMERO DE CONTROL
campo de control 75836
003 - IDENTIFICADOR DE NÚMERO DE CONTROL
campo de control ES-MaACL
005 - FECHA Y HORA DE LA ÚLTIMA TRANSACCIÓN
campo de control 20250801152639.0
007 - CAMPO FIJO DE DESCRIPCIÓN FÍSICA--INFORMACIÓN GENERAL
campo de control de longitud fija t|
008 - DATOS DE LONGITUD FIJA--INFORMACIÓN GENERAL
campo de control de longitud fija 040928s1951 sp f |||| | spa d
100 1# - ENTRADA PRINCIPAL--NOMBRE DE PERSONA
Nombre de persona Mañá Alcoverro, Joaquín.
9 (RLIN) 76245
245 10 - MENCIÓN DEL TÍTULO
Título Grave caso de conciencia en el matrimonio
Resto del título : el método Ogino a la luz de la teología moral /
Mención de responsabilidad, etc. por Joaquín Maña Alcoverro. Las fases de infecundidad periódica en la mujer para la aplicación del método Ogino-Knaus / por Eduardo Terrado Tintoré.
250 ## - MENCION DE EDICION
Mención de edición 9ª ed.
260 ## - PUBLICACIÓN, DISTRIBUCIÓN, ETC.
Lugar de publicación, distribución, etc. Barcelona :
Nombre del editor, distribuidor, etc. Pontificia :
-- Eugenio Subirana,
Fecha de publicación, distribución, etc. 1951.
300 ## - DESCRIPCIÓN FÍSICA
Extensión 226 p., 7 lám. ;
Dimensiones 19 cm.
490 1# - MENCIÓN DE SERIE
Mención de serie Amor, matrimonio y familia ;
Designación de volumen o secuencia 5
650 #4 - PUNTO DE ACCESO ADICIONAL DE MATERIA--TÉRMINO DE MATERIA
Término de materia o nombre geográfico como elemento de entrada Método Ogino.
9 (RLIN) 170794
700 1# - ENTRADA AGREGADA--NOMBRE PERSONAL
Nombre de persona Terrades Tintoré, Eduardo.
9 (RLIN) 109773
740 42 - ENTRADA AGREGADA--TÍTULO RELACIONADO/ANALÍTICO NO CONTROLADO
Título relacionado o analítico no controlado Las fases de infecundidad periódica en la mujer para la aplicación del método Ogino-Knaus.
830 10 - PUNTO DE ACCESO ADICIONAL DE SERIE-TÍTULO UNIFORME
Título uniforme Amor, matrimonio, familia
Designación de volumen o secuencia 5
9 (RLIN) 183870
852 4# - LOCALIZACIÓN
Ubicación ES-MaACL
Número de control de estantería D-5546
Holdings
Estatus retirado Estado de pérdida Estado de daño No para préstamo Biblioteca de origen Biblioteca actual Ubicación en estantería Fecha de adquisición Fuente de adquisición Total de préstamos Signatura topográfica completa Código de barras Visto por última vez Precio de reemplazo Tipo de ítem Koha
        Biblioteca del Ateneo de Madrid Biblioteca del Ateneo de Madrid Sala Valle Inclán 17/01/2008     D-5546 901079374 23/02/2023 23/02/2023 Libro impreso